000 00614cab a2200193 4500
001 WB2706-72
008 090401t1991 xxu||||| |||| 00| 0 eng d
035 _a(Sirsi) u2474
041 _aeng
245 _aClean-up for inner cities
260 _c1991
350 _a0
490 _aDaily Telegraph
_v4 February 1991, 6(1)
520 _aA fresh assault on the problems of the inner cities is to be led by Mr Heseltine with a relaunch of the Government`s programme to improve council estates in deprived urban areas.
650 _aESTATE ACTION
690 _aURBAN RENEWAL
942 _n0
948 _c04/03/1997
999 _c1495
_d1495